000 00517ntaaa2200193 4500
003 01
005 20251027203130.0
008 0714s1973 ag 01
040 _aAR-BaBN
_bspa
_cAR-BaBN
_eaacr
_dRIC
082 _a784.3061 B73
100 _aBrahms, Johnnes
_932805
245 _a10 lieder para una voz con acompañamiento de piano.
250 _a1 ed.
260 _aBuenos Aires :
_bRicordi Americana,
_cn.f.
300 _a39 p.
500 _atexto Alemán y Español
650 _aMúsica-Solo
_93955
942 _cBK
999 _c26732
_d26732